Greta Gerwig Filmography - Statistics

General Stats
  • This quiz has been taken 22 times
    3 since last reset
  • The average score is 33 of 68
Answer Stats
Type Year Name % Correct
Film Director 2023 Barbie
100%
Film Screenplay 2023 Barbie
100%
Film Production 2023 Barbie
100%
Film Screenplay 2012 Frances Ha
100%
Film Acting Role 2012 Frances Ha
100%
Film Acting Role 2016 Jackie
100%
Film Director 2017 Lady Bird
100%
Film Screenplay 2017 Lady Bird
100%
Film Director 2019 Little Women
100%
Film Screenplay 2019 Little Women
100%
Film Director 2026 Narnia
100%
Film Screenplay 2026 Narnia
100%
Music Video Director 2023 Dance the Night
67%
Music Video Acting Role 2023 Dance the Night
67%
Film Acting Role 2014 Eden
67%
Film Acting Role 2025 Jay Kelly
67%
Film Screenplay 2015 Mistress America
67%
Film Production 2015 Mistress America
67%
Film Acting Role 2015 Mistress America
67%
TV Show Acting Role 2017, 2023 Saturday Night Live
67%
Film Acting Role 2022 White Noise
67%
Film Acting Role 2016 20th Century Women
33%
Documentary Series Appearance 2023 60 Minutes
33%
Music Video Acting Role 2013 Afterlife, Live Version
33%
Film Acting Role 2010 Art House
33%
Film Acting Role 2011 Arthur
33%
Film Acting Role 2008 Baghead
33%
TV Show Acting Role 2011-2015 China, IL
33%
TV Show Writer 2015 China, IL
33%
Film Acting Role 2011 Damsels in Distress
33%
Short Film Acting Role 2009 Family Tree
33%
Film Acting Role 2010 Greenberg
33%
Film Screenplay 2007 Hannah Takes the Stairs
33%
Film Acting Role 2007 Hannah Takes the Stairs
33%
TV Pilot 2014 How I Met Your Dad
33%
Film Acting Role 2018 Isle of Dogs
33%
Film Acting Role 2008 I Thought You Finally Completely Lost It
33%
Short Film Acting Role 2012 Jagoo
33%
Film Acting Role 2006 LOL
33%
Film Acting Role 2012 Lola Versus
33%
Film Acting Role 2015 Maggie's Plan
33%
Short Film Screenplay 2013 Making a Scene
33%
Short Film Acting Role 2013 Making a Scene
33%
Film Director 2008 Nights and Weekends
33%
Film Screenplay 2008 Nights and Weekends
33%
Film Production 2008 Nights and Weekends
33%
Film Acting Role 2008 Nights and Weekends
33%
Film Screenplay 2010 Northern Comfort
33%
Film Acting Role 2010 Northern Comfort
33%
Film Acting Role 2011 No Strings Attached
33%
TV Show Acting Role 2015 Portlandia
33%
Short Film Acting Role 2008 Quick Feet, Soft Hands
33%
Short Film Acting Role 2006 Thanks for the Add!
33%
Documentary Appearance 2023 The Barbie Story
33%
TV Pilot 2012 The Corrections
33%
Film Acting Role 2011 The Dish & the Spoon
33%
TV Show Acting Role 2021 The Ghost and Molly McGee
33%
Film Acting Role 2009 The House of the Devil
33%
Film Acting Role 2014 The Humbling
33%
Web Series Acting Role 2016 The Mindy Project
33%
Stage Acting Role 2014 The Village Bike
33%
Film Acting Role 2012 To Rome with Love
33%
TV Film Acting Role 2009 Une Aventure New-Yorkaise
33%
Film Acting Role 2016 Wiener-Dog
33%
Film Acting Role 2008 Yeast
33%
Web Series Acting Role 2006 Young American Bodies
33%
Film Acting Role 2009 You Wont Miss Me
33%
Stage Acting Role 2011 The Unavoidable Disappearance of Tom Durnin
0%
No matching quizzes found
Score Distribution
Percent of People with Each Score
Percentile by Number Answered
Your Score History
You have not taken this quiz since the last reset